| 000 | 00319 a2200121 4500 | ||
|---|---|---|---|
| 001 | 86554 | ||
| 082 | _a398.2 LOK | ||
| 090 |
_c40731 _d40731 |
||
| 100 | _aMansoor Malangi | ||
| 245 | _aSindh Sagar : Culture and Heritage PM-7, SL-83 (Only DVD) | ||
| 260 |
_aIslamabad _bLok Virsa Islamabad _c2012 |
||
| 500 | _aLok Virsa | ||
| 942 |
_aCAENUST _k398.2 LOK |
||
| 999 |
_c321627 _d321627 |
||